MARC

LEADER 00000nam0a2200000 4500
001 174444
005 20231101223148.0
035 |a (RuTPU)RU\TPU\book\189170 
090 |a 174444 
100 |a 20100127d1903 m y0rusy50 ca 
101 0 |a rus 
102 |a UA 
105 |a a j 000zy 
200 1 |a Введение в химическую технологию  |e с 34 рисунками  |f А. П. Лидов 
210 |a Москва  |c Издание книжного магазина П. А. Брейтигама в Харькове  |c Типо-литография Т-ва И. Н. Кушнерев и К  |d 1903 
215 |a 171 с.  |c ил. 
610 1 |a химическая технология 
610 1 |a задачи 
610 1 |a свет 
610 1 |a теплота 
610 1 |a электричество 
610 1 |a магнетизм 
610 1 |a вода 
610 1 |a воздух 
610 1 |a топливо 
610 1 |a кинетическая энергия 
610 1 |a учебные пособия 
610 1 |a коллекция русских учебников 
675 |a 66(075.8)  |v 3 
700 1 |a Лидов  |b А. П.  |c русский химик-технолог  |c профессор Харьковского технологического института (с 1889 г.)  |f 1853-1919  |g Александр Павлович  |2 stltpush  |3 (RuTPU)RU\TPU\pers\30039  |9 14473 
801 1 |a RU  |b 63413507  |c 20100127 
801 2 |a RU  |b 63413507  |c 20150617  |g RCR 
942 |c BK